000 00652nam a22002417a 4500
003 UA-OsUOA
001 75250
007 ta
008 20110513b un ||||| |||| 00| 0 ukr d
100 _aБакуменко О.Д.
090 _a821.161.2(092)
_bБ19
942 _cBK
040 _aUA-OsUOA
_bukr
_cUA-OsUOA
_dUA-OsUOA
245 _aЗодчий Слова
_bповість-есе
300 _a374 с.
955 _a3
041 _aukr
080 _a821.161.2(092)
020 _a966-542-278-2
260 _aК.
_bАльтерпрес
_c2007
650 7 _a82 Література. Літературознавство
_2UDC
999 _c361544
_d361544